00354nam a2200109Ia 4500008004100000082000900041100001800050245005200068260002000120630005200140730005200192100328s9999 xx 000 0 und d b2732 aLyell Charles aThe Geologlcal Evidence Of The Antiquity Of Man bJ.M.Dent & Sons aThe Geologlcal Evidence Of The Antiquity Of Man aThe Geologlcal Evidence Of The Antiquity Of Man